Talking To The Moon - Bruno Mars (All Lyrics) - Statistics

General Stats
  • This quiz has been taken 1,973 times
  • The average score is 179 of 221
Answer Stats
Talking To The Moon % Correct
Verse 1 I
99%
the
99%
moon
98%
moon?
98%
talk
98%
to
98%
Chorus Talking
97%
talking
97%
you
97%
a
95%
get
90%
you're
89%
You're
89%
My
87%
my
87%
when
87%
I'm
86%
me
86%
know
85%
sit
85%
other
83%
side
83%
there
83%
too
83%
Bridge Do
82%
In
82%
on
82%
away
81%
by
81%
far
81%
night
81%
out
81%
somewhere
81%
Somewhere
81%
want
81%
myself
80%
back
79%
all
78%
am
78%
But
78%
don't
78%
they
78%
They
78%
crazy
77%
think
76%
alone
75%
stars
75%
understand
75%
fool
74%
hopes
73%
Tryna
73%
tryna
73%
who
73%
light
71%
room
71%
up
71%
Pre-Chorus At
70%
oh
70%
Oh
70%
had
69%
neighbors
68%
sits
67%
Cause
62%
Or
61%
of
58%
ever
56%
what
56%
Yeah
56%
sun
55%
town
55%
down
54%
say
54%
I've
53%
goes
52%
every
49%
gone
49%
hear
49%
mad
49%
like
48%
feeling
44%
famous
43%
someone's
43%
they're
42%
calling?
37%
Chorus Still
32%
No matching quizzes found
Score Distribution
Percent of People with Each Score
Percentile by Number Answered
Your Score History
You have not taken this quiz